Enterprise and entrepreneurship Volume 3 Strategic Communication : contexts of social development, alterations of the market and communication

Podrobná bibliografia
Hlavný autor: Kassay, Štefan, 1941- (Autor)
Médium: Kniha
Jazyk:angličtina
slovenčina
Fyzický popis:857 s. fotogr., grafy, sch., tab 30 cm
Vydavateľské údaje: Bratislava Veda 2010
ISBN:9788022411745
Predmet:

MARC

LEADER 00000cam a2200000 a 4500
001 vtls010290005
003 SK-MaSNL
005 20260301031857.0
008 240314s2010 xo odl f 001 0 eng
015 |a SNBA2011/08-04627 
020 |a 9788022411745  |q (viaz.) 
035 |a B0593F18-5124-4A23-854C-43C5A322CAA1 
035 |a urn:nbn:sk:snk-am3h5nc 
035 |a urn:nbn:sk:snk-am00cnwp 
040 |a SNK  |b slo  |c SNK  |e AACR2 
041 1 |a eng  |h slo  |b rus  |b eng  |b slo 
044 |a xo  |c SK 
072 7 |a 33  |x Ekonómia  |2 konspekt 
072 7 |a 658  |x Riadenie a správa podnikov  |2 konspekt 
080 |a 658.8:316.77  |2 2011 
080 |a 339.138  |2 2011 
080 |a 658  |2 2011 
080 |a 330.101.542  |2 2011 
080 |a 338  |2 2001 
080 |a (048.8)  |2 2011 
100 1 |a Kassay, Štefan,  |d 1941-  |4 aut  |9 88589 
245 1 0 |a Enterprise and entrepreneurship  |n Volume 3  |p Strategic Communication : contexts of social development, alterations of the market and communication  |c Štefan Kassay 
246 3 0 |a Strategic Communication 
260 |a Bratislava  |b Veda  |c 2010 
300 |a 857 s.  |c fotogr., grafy, sch., tab  |c 30 cm 
504 |a Bibliogr. odkazy. Reg. 
546 |a Res. angl. a rus. 
650 0 7 |a marketingová komunikácia  |2 SNKPH  |9 2300 
650 0 7 |a marketing  |2 SNKPH  |9 2299 
650 0 7 |a podnikový manažment  |2 SNKPH  |9 3483 
650 0 7 |a strategický marketing  |2 SNKPH  |9 4278 
650 0 7 |a ekonomická transformácia  |2 SNKPH  |9 4367 
650 0 7 |a Communication in marketing  |2 SNKPHeng  |9 265704 
650 0 7 |a marketing  |2 SNKPHeng  |9 2299 
650 0 7 |a Industrial management  |2 SNKPHeng  |9 265455 
650 0 7 |a Strategic marketing  |2 SNKPHeng  |9 314754 
650 0 7 |a Economic transformation  |2 SNKPHeng  |9 305819 
650 0 7 |a vzťahy so zákazníkmi  |2 SNKPH  |9 328135 
655 7 |a monografie  |2 SNKPH  |9 70139 
655 7 |a Monographs  |2 SNKPHeng  |9 120675 
852 |a Štátna vedecká knižnica v Banskej Bystrici 
919 |a 978-80-224-1174-5 
958 |a NB 
958 |a OP 
968 |a Eng  |b SLO  |d 65 
999 |c 577468  |d 579398 
952 |a SNK  |b SNK  |y PREZ  |7 0  |p 17A0705219  |o snkSB 80373/3  |i snk2011/15367  |8 0  |0 0  |1 0  |4 0  |d 2011-07-11  |f 1  |l 0  |r 2025-05-05 00:00:00  |w 2026-02-23 
952 |a SNK  |b SNK  |y VYP  |7 0  |p 17A0705218  |o snkSB 80373/3 D1  |i snk2011/15369  |8 0  |0 0  |1 0  |4 0  |d 2011-07-11  |l 0  |r 2016-06-30 00:00:00  |w 2026-02-23